Test és identitás

A mai nyugati társadalomban nincs már bizonyosságot adó struktúra, melyben az ember, elfoglalva helyét, meghatározhatná magát. Egyedül az ember teste maradt, amit pontosan jelez a divat eltűnése. A divat helyére a test egyéni bemutatására szolgáló én-technika került, amit Dahrendorf úgy jellemezne,...

Teljes leírás

Elmentve itt :
Bibliográfiai részletek
Szerző: Csepeli György
Dokumentumtípus: Könyv része
Megjelent: Szeged University Press Szeged 2025
Sorozat:Litterae Humaniores
Modernség és modernitás
Kulcsszavak:Test, Filozófia
Tárgyszavak:
doi:10.14232/lh.2025.3.10

Online Access:http://acta.bibl.u-szeged.hu/89420
LEADER 02030naa a2200265 i 4500
001 acta89420
005 20260216083945.0
008 260216s2025 hu o 000 hun d
020 |a 978-963-688-090-3 
022 |a 3057-9929 
024 7 |a 10.14232/lh.2025.3.10  |2 doi 
040 |a SZTE Egyetemi Kiadványok Repozitórium  |b hun 
041 |a hun 
041 |a eng 
100 1 |a Csepeli György 
245 1 0 |a Test és identitás  |h [elektronikus dokumentum] /  |c  Csepeli György 
260 |a Szeged University Press  |b Szeged  |c 2025 
300 |a 219-225 
490 0 |a Litterae Humaniores 
490 0 |a Modernség és modernitás 
520 3 |a A mai nyugati társadalomban nincs már bizonyosságot adó struktúra, melyben az ember, elfoglalva helyét, meghatározhatná magát. Egyedül az ember teste maradt, amit pontosan jelez a divat eltűnése. A divat helyére a test egyéni bemutatására szolgáló én-technika került, amit Dahrendorf úgy jellemezne, hogy már nincs benne ligatúra, csak opció. A modern szociológia óriása, Bourdieu kedvenc kifejezése volt a társadalmi anatómia, melyből a posztmodern világban már kikopott a „társadalmi” jelző, s maradt az „anatómia”. In contemporary Western society, there is no longer a structure that provides certainty in which persons can occupy and define their place. Only the human body remains, which is precisely indicated by the disappearance of fashion. Fashion has been replaced by the technique of individual’s self-presentation of his/her body, which Dahrendorf would describe no longer as ligature, only an option. The favorite expression of the giant of modern sociology, Bourdieu, was social anatomy, from which in the postmodern society the adjective “social” has disappeared, and “anatomy” remained only. 
650 4 |a Bölcsészettudományok 
650 4 |a Filozófia, etika és vallástudományok 
695 |a Test, Filozófia 
856 4 0 |u http://acta.bibl.u-szeged.hu/89420/1/litterae_humaniores_2025_003_219-225.pdf  |z Dokumentum-elérés